PAU * 4.0 Phylogenetic analysis using Parsimony Macintosh Beta Version 8 (CD)

Bewaard in:
Bibliografische gegevens
Hoofdauteur: DAVID SWOFFORD
Formaat: Boek
Taal:Undetermined
Gepubliceerd in: Sinauer Associates
Onderwerpen:
Tags: Voeg label toe
Geen labels, Wees de eerste die dit record labelt!
Thư viện lưu trữ: Trung tâm Học liệu Trường Đại học Cần Thơ
LEADER 00462nam a2200157Ia 4500
001 CTU_50457
008 210402s9999 xx 000 0 und d
082 |a 576.88 
082 |b S979 
100 |a DAVID SWOFFORD 
245 0 |a PAU * 4.0 
245 0 |b Phylogenetic analysis using Parsimony Macintosh Beta Version 8 (CD) 
245 0 |c DAVID SWOFFORD 
260 |b Sinauer Associates 
650 |a phylogeny 
980 |a Trung tâm Học liệu Trường Đại học Cần Thơ